000 00895nam a2200253 i 4500
001 17043
003 ES-MaACL
005 20230906151506.0
007 t|
008 001215s1996 sp ||||1| spa d
020 _a84-7509-532-1
080 _a1
100 1 _aLyotard, Jean-François.
_974962
245 1 0 _a¿Por qué filosofar?
_b: cuatro conferencias /
_cJean-François Lyotard ; introducción de Jacobo Muñoz.
250 _a1ª ed., 1ª reimp.
260 _aBarcelona :
_bPaidós Ibérica :
_bI.C.E. de la Universidad Autónoma de Barcelona,
_c1996.
300 _a164 p. ;
_c20 cm.
490 1 _aPensamiento contemporáneo ;
_v4
700 1 _aMuñoz, Jacobo.
_9137824
710 2 _aUniversidad de Barcelona.
_bInstituto de Ciencias de la Educación.
_97153
830 0 _aPensamiento contemporáneo ;
_v4
_9179725
852 _aES-MaACL
_jL-24017
_bR.129283
999 _c17043
_d17043